000
00201 a2200097 4500
001
7617
100
_a
Cohen,
245
_a
The dictionary of quotations
260
_a
_b
E L B S
_c
090
_c
6093
_d
6093
942
_a
NUST-CAE
_c
M
_c
32593
999
_c
242690
_d
242690